[Event "Mem Triantafylos Siaperas 11th"]
[Site "Athens"]
[Date "2015.02.14"]
[Round "6"]
[White "Pararas, Ioannis"]
[Black "Seferlis, Georgios"]
[Result "1-0"]
[WhiteElo "1694"]
[BlackElo "1488"]
[PlyCount "51"]
[EventDate "2015.01.10"]
[EventType "swiss"]
[EventRounds "7"]
[EventCountry "GRE"]
[SourceTitle "EXT 2024"]
[Source "ChessBase"]
[SourceDate "2023.10.10"]
[SourceVersion "1"]
[SourceVersionDate "2023.10.10"]
[SourceQuality "1"]

1. e4 e6 2. d4 d5 3. Nd2 Nf6 4. e5 Nfd7 5. Bd3 c5 6. c3 Nc6 7. Ne2 Qb6 8. Nf3 cxd4 9. cxd4 Bb4+ 10. Bd2 0-0 11. 0-0 a6 12. Rc1 Bxd2 13. Qxd2 h6 14. Bb1 Re8 15. Rfe1 Nf8 16. Nc3 Qb4 17. b3 Rb8 18. Qe3 Bd7 19. Na4 b6 20. Bd3 a5 21. Nc3 Ne7 22. Qe2 Nf5 23. Bxf5 exf5 24. Nxd5 Qb5 25. Qxb5 Bxb5 26. Nc7 1-0

[Event "Ambelokipi op 143rd"]
[Site "Athens"]
[Date "2014.03.08"]
[Round "1"]
[White "Vazelakis, Dimitrios"]
[Black "Seferlis, Georgios"]
[Result "1-0"]
[WhiteElo "2005"]
[BlackElo "1542"]
[PlyCount "41"]
[EventDate "2014.03.08"]
[EventType "swiss"]
[EventRounds "7"]
[EventCountry "GRE"]
[SourceTitle "EXT 2016"]
[Source "ChessBase"]
[SourceDate "2015.10.08"]
[SourceVersion "1"]
[SourceVersionDate "2015.10.08"]
[SourceQuality "1"]

1. c4 Nf6 2. g3 e6 3. Bg2 d5 4. Nf3 c6 5. d4 Be7 6. 0-0 0-0 7. Qc2 h6 8. Nbd2 Nbd7 9. e4 dxe4 10. Nxe4 Nxe4 11. Qxe4 Nf6 12. Qe2 Bd7 13. Qd1 Qc8 14. Ne5 a6 15. b3 Bb4 16. Bb2 b5 17. d5 exd5 18. Nxd7 Nxd7 19. cxd5 Qe8 20. Qg4 Nf6 21. Qxb4 1-0

[Event "Athens Christmas 1st"]
[Site "Athens"]
[Date "2012.12.29"]
[Round "6.3"]
[White "Seferlis, Georgios"]
[Black "Korres, Evangelos"]
[Result "0-1"]
[WhiteElo "1582"]
[BlackElo "2040"]
[PlyCount "65"]
[EventDate "2012.12.23"]
[EventType "swiss"]
[EventRounds "7"]
[EventCountry "GRE"]
[SourceTitle "EXT 2024"]
[Source "ChessBase"]
[SourceDate "2023.10.10"]
[SourceVersion "1"]
[SourceVersionDate "2023.10.10"]
[SourceQuality "1"]

1. c4 c5 2. Nc3 b6 3. e4 Nc6 4. g3 g6 5. Bg2 Bg7 6. Nge2 e6 7. 0-0 Nge7 8. d3 0-0 9. Rb1 Bb7 10. f4 Nd4 11. Bd2 a6 12. a4 Ra7 13. Kh1 Qa8 14. g4 f5 15. h3 Bc6 16. Ng3 d6 17. g5 fxe4 18. Bxe4 d5 19. cxd5 exd5 20. Bg2 Ndf5 21. Nxf5 Nxf5 22. Kh2 b5 23. axb5 axb5 24. Qf3 Bxc3 25. bxc3 Nh4 26. Qg4 Nxg2 27. Qxg2 d4 28. Qf2 Ra2 29. cxd4 cxd4 30. Kg3 Qa3 31. Kh4 Qxd3 32. Rfd1 Ra3 33. Qf1 0-1

[Event "Patras op"]
[Site "Patras"]
[Date "2002.08.05"]
[Round "6.30"]
[White "Seferlis, Georgios"]
[Black "Panagopoulos, Giorgos"]
[Result "1/2-1/2"]
[WhiteElo "1530"]
[BlackElo "1720"]
[PlyCount "69"]
[EventDate "2002.08.??"]
[EventType "swiss"]
[EventRounds "9"]
[EventCountry "GRE"]
[SourceTitle "CBM 089 Extra"]
[Source "ChessBase"]
[SourceDate "2002.09.10"]
[SourceVersion "2"]
[SourceVersionDate "2002.09.10"]
[SourceQuality "1"]

1. d4 g6 2. c4 Nf6 3. Nc3 Bg7 4. Nf3 d6 5. e4 0-0 6. Be2 e5 7. d5 Nbd7 8. Bg5 h6 9. Bh4 a5 10. a4 Nc5 11. Nd2 b6 12. f3 g5 13. Bf2 Nh5 14. Nf1 Nf4 15. Rg1 f5 16. Ng3 h5 17. exf5 Bxf5 18. Nge4 Nxe4 19. fxe4 Bg6 20. h3 Qf6 21. Be3 Qf7 22. Qd2 Rae8 23. 0-0-0 Qd7 24. Bf1 Qc8 25. Qc2 h4 26. Be2 Qd8 27. Bg4 Re7 28. Rd2 Be8 29. Rf2 Bd7 30. Bxd7 Qxd7 31. Kb1 Ref7 32. Bxf4 exf4 33. Rgf1 Bd4 34. Rf3 Be3 35. b3 1/2-1/2